000 00558nam a2200181Ia 4500
008 090124s9999 xx 000 0 und d
082 _b131600
100 _aकाळे वि. र.
245 _a इंदिरा प्रियदर्शिनी
250 _a1
260 _c2003
300 _a188
600 _aकाळे वि. र.
630 _a इंदिरा प्रियदर्शिनी
700 _aकाळे वि. र.
730 _a इंदिरा प्रियदर्शिनी
942 _cBOOK
999 _c177689
_d177689